Central Library OPAC University of Rajshahi
Normal view MARC view

Entry Personal Name

Number of records used in: 11

001 - CONTROL NUMBER

  • control field: 560

003 - CONTROL NUMBER IDENTIFIER

  • control field: BD-RjUL

005 - DATE AND TIME OF LATEST TRANSACTION

  • control field: 20220106104959.0

008 - FIXED-LENGTH DATA ELEMENTS

  • fixed length control field: 220106|| aca||aabn | a|a d

040 ## - CATALOGING SOURCE

  • Original cataloging agency: BD-RjUL
  • Transcribing agency: BD-RjUL

100 ## - HEADING--PERSONAL NAME

  • Personal name: সরকার, মোনায়েম

670 ## - SOURCE DATA FOUND

  • Source citation: Work cat.: (BD-RjUL)79129: সরকার, মোনায়েম , আমার রাজনৈতিক জীবনে মুক্তিসংগ্রাম ও বঙ্গবন্ধু /, ২০২০